| 000 | 00539nam a22001937a 4500 | ||
|---|---|---|---|
| 003 | OSt | ||
| 005 | 20140310182758.0 | ||
| 008 | 130212t xxu||||| |||| 00| 0 eng d | ||
| 020 | _a9812541527 | ||
| 050 |
_aHG 4026 _b.B6693 2004 |
||
| 245 |
_aFundamentals of financial management _cEugene F. Brigham, Joel F. Houston |
||
| 260 |
_aMason, Ohio _bThomson/South-Western _c2004 |
||
| 300 |
_a831 p. : _bcol. ill ; _c26 cm. |
||
| 521 | _aBSBA | ||
| 562 | _e1 | ||
| 650 | _aFinancial management. | ||
| 942 |
_2lcc _cBK _kFOR |
||
| 999 |
_c15920 _d15920 |
||